000 00463nam a2200181Ia 4500
001 2420
005 20260306144805.0
008 260306t2015||||xx |||||||||||||| ||spa||
041 _aESP
082 _a616.89
_bM98
100 _aMuskin, Philip R.
_eAUT
245 0 _aDSM-5 preguntas de autoevaluación:
_bexámenes tipo test sobre los criterios diagnósticos
260 _c2015
300 _a
_c
650 _aGEN
654 _aCPS
942 _cLIB
_dJUS
_fJUS
_2ddc
_n
999 _c2420
_d2420